00552nam a22001577a 4500008004000000020001500040050002100055245003700076250001100113260003100124300002800155440002700183500015400210650001100364700001900375131028t us||||| |||| 00| 0 eng d a186187034504aML1715bO64 199800aOpera quotations /bMaria Callas a1a ed. aNew York : bExley, c1998 a85 p. :bil. ; c15 cm. 0aHelen Exley Giftbook  aAn opera begins long before the curtain goes up and ends long after it has come down. It starts in my imagination, it becomes my fife" de la pasta  4aOpera 1 aCallas, Maria